| 000 | 00425nam a2200169Ia 4500 | ||
|---|---|---|---|
| 005 | 20240823005832.0 | ||
| 008 | 240823s9999||||xx |||||||||||||| ||und|| | ||
| 082 | _A621.317 N8 | ||
| 100 | _aShepherd W [etal] | ||
| 245 | 0 | _aPower Electronics and Motor Control | |
| 250 | _a2nd | ||
| 260 |
_c1998 _bCambridge University Press |
||
| 500 | _aYES | ||
| 650 |
_aElectronics _bInstrumentation |
||
| 942 | _cBK | ||
| 999 |
_c156869 _d156869 |
||